Normal view MARC view
  • Galani,Khan Ghulam

Entry Personal Name

Number of records used in: 1

001 - CONTROL NUMBER

  • control field: 110907

003 - CONTROL NUMBER IDENTIFIER

  • control field: NUST

005 - DATE AND TIME OF LATEST TRANSACTION

  • control field: 20230321141532.0

008 - FIXED-LENGTH DATA ELEMENTS

  • fixed length control field: 230321|| aca||aabn | a|a d

040 ## - CATALOGING SOURCE

  • Original cataloging agency: NUST
  • Transcribing agency: NUST

100 ## - HEADING--PERSONAL NAME

  • Personal name: Galani,Khan Ghulam

670 ## - SOURCE DATA FOUND

  • Source citation: Work cat.: (NUST)179437: Galani,Khan Ghulam, SSG tareekh kay ainay main / ایس ایس جی تاریخ کے آئینے میں (Urdu) /, 2004
© 2023 Central Library, National University of Sciences and Technology. All Rights Reserved.